Famous Brands: Who Was First? Quiz Stats

Quiz Updated Nov 3, 2017

Challenge
Share
Tweet
Embed
Score 0/30 Timer 05:00
6 Plays Today
A First % Correct
M&M's???
87.1%
Twitter???
86.1%
Dreamworks???
80.3%
Star Trek???
77.4%
Levi's???
77.3%
Arm & Hammer???
74%
Sonic???
73.3%
Shell???
73.3%
Pringles???
70.5%
Hewlett-Packard???
69.7%
New Balance???
69%
XBOX 360???
68.5%
Chips Ahoy!???
65%
Macy's???
59.8%
Texaco???
57.2%
A First % Correct
Toyota???
56.9%
Aunt Jemima???
56.3%
AKC???
54.9%
Wendy's???
54.4%
NHL???
53.9%
Adidas???
53%
Peanuts Comics???
48.1%
Coca-Cola Zero???
43.1%
Michelin???
40.2%
Dish Network???
38.8%
Google Maps???
32.5%
Snickers???
30.4%
Keebler???
27.9%
General Electric???
21.1%
Sony???
19.9%

You're not logged in!

Compare scores with friends on all Sporcle quizzes.
Sign Up with Email
OR
Log In

You Might Also Like...

Show Comments

Extras

Top Quizzes Today


Score Distribution

Your Account Isn't Verified!

In order to create a playlist on Sporcle, you need to verify the email address you used during registration. Go to your Sporcle Settings to finish the process.